[Event "29th SPRING FESTIVAL -  BUDAPEST"]
[Site "Budapest"]
[Date "2012.03.19"]
[Round "2.13"]
[White "Allahverdi, Maryam"]
[Black "Opl, Klaus"]
[Result "1/2-1/2"]
[WhiteElo "1807"]
[BlackElo "2010"]
[PlyCount "53"]
[EventDate "2012.03.18"]

1. e4 c5 2. Nf3 d6 3. d4 cxd4 4. Nxd4 Nf6 5. Nc3 g6 6. h3 Bg7 7. Be3 O-O 8. Qd2
Nc6 9. f4 Nh5 10. Nde2 a6 11. g4 Nf6 12. Ng3 b5 13. Nd5 Rb8 14. g5 Nxd5 15.
exd5 Na5 16. Bd4 Bxd4 17. Qxd4 Qc7 18. Bd3 Qc5 19. Ne2 Bb7 20. Be4 Nc4 21.
O-O-O Rfc8 22. c3 a5 23. h4 b4 24. h5 Qxd4 25. Rxd4 Ba6 26. hxg6 fxg6 27. Rh2
1/2-1/2

[Event "29th SPRING FESTIVAL -  BUDAPEST"]
[Site "Budapest"]
[Date "2012.03.19"]
[Round "2.14"]
[White "Csati, Oliver"]
[Black "Polyanszky-Tamasi, Zoltan"]
[Result "1-0"]
[WhiteElo "1972"]
[BlackElo "1811"]
[PlyCount "49"]
[EventDate "2012.03.18"]

1. e4 c6 2. Nf3 d5 3. Nc3 dxe4 4. Nxe4 Nf6 5. Ng3 h5 6. Bc4 h4 7. Ne2 e6 8. h3
Nbd7 9. d4 Be7 10. O-O b6 11. Nf4 Nd5 12. Qe2 Nf8 13. Ne5 Qc7 14. Nh5 Bf6 15.
Nxf6+ gxf6 16. Nxc6 Bb7 17. Bxd5 Bxc6 18. Bf4 Qb7 19. Bxc6+ Qxc6 20. Rad1 Rg8
21. f3 Qd5 22. c4 Qf5 23. Qe4 Qxh3 24. Qxa8+ Ke7 25. Rf2 1-0

[Event "29th SPRING FESTIVAL -  BUDAPEST"]
[Site "Budapest"]
[Date "2012.03.19"]
[Round "2.15"]
[White "Schatzer, Andras"]
[Black "Letay, Gyula"]
[Result "1/2-1/2"]
[WhiteElo "1782"]
[BlackElo "1967"]
[PlyCount "71"]
[EventDate "2012.03.18"]

1. Nf3 Nf6 2. g3 g6 3. b3 Bg7 4. Bb2 d5 5. Bg2 O-O 6. O-O Nbd7 7. c4 e6 8. cxd5
exd5 9. Nc3 Re8 10. Qc2 c6 11. d3 Nf8 12. e4 d4 13. Nxd4 Nxe4 14. Nxc6 bxc6 15.
Nxe4 Bf5 16. Bxg7 Bxe4 17. dxe4 Kxg7 18. Qxc6 Rc8 19. Qd5 Qb6 20. Rac1 Rcd8 21.
Qc6 Qb8 22. Qc7 Qb5 23. Rfd1 Rc8 24. Qxa7 Rxc1 25. Rxc1 Ne6 26. Qe3 Rd8 27. a4
Qa6 28. Bf1 Qd6 29. Bc4 Nf8 30. Qf4 Qe7 31. Bd5 g5 32. Rc7 Rxd5 33. Qxf7+ Kxf7
34. Rxe7+ Kxe7 35. exd5 Kd6 36. Kf1 1/2-1/2

[Event "29th SPRING FESTIVAL -  BUDAPEST"]
[Site "Budapest"]
[Date "2012.03.19"]
[Round "2.16"]
[White "Marjanovics, Annamaria"]
[Black "Mihaly, Zoltan"]
[Result "1-0"]
[WhiteElo "1921"]
[BlackElo "1803"]
[PlyCount "126"]
[EventDate "2012.03.18"]

1. e4 c6 2. d4 d5 3. Nc3 dxe4 4. Nxe4 Bf5 5. Ng3 Bg6 6. h4 h6 7. Nf3 Nd7 8. h5
Bh7 9. Bd3 Bxd3 10. Qxd3 e6 11. Bd2 Ngf6 12. O-O-O Qc7 13. Ne4 O-O-O 14. g3
Nxe4 15. Qxe4 Nf6 16. Qe2 Bd6 17. c4 c5 18. Bc3 cxd4 19. Nxd4 a6 20. Kb1 Rd7
21. Nb3 Be7 22. c5 Rhd8 23. Rc1 Qc6 24. Na5 Qb5 25. Qxb5 axb5 26. c6 Rd5 27.
cxb7+ Kb8 28. Nc6+ Kxb7 29. Nxe7 R5d7 30. Bxf6 gxf6 31. Nc6 Re8 32. Na5+ Kb6
33. b4 Rg8 34. Rhd1 Rxd1 35. Rxd1 Rg4 36. a3 Rg5 37. Rh1 Rf5 38. Rh2 Rf3 39.
Kb2 f5 40. Nb3 e5 41. Nd2 Rd3 42. f3 f6 43. Rf2 Kc6 44. Nb1 Rd1 45. g4 Rd4 46.
Nc3 Rf4 47. Ne2 Rc4 48. gxf5 Rh4 49. Ng3 Kd5 50. Rd2+ Kc6 51. Kc3 Rf4 52. Rf2
Kd5 53. Rd2+ Kc6 54. Rd3 Rh4 55. Ne4 Rxh5 56. Rd6+ Kc7 57. Rxf6 Rh3 58. Nd2 e4
59. Nxe4 Rxf3+ 60. Kd4 h5 61. Nc3 Rf4+ 62. Ke5 Rc4 63. Nxb5+ Kb7 1-0

[Event "29th SPRING FESTIVAL -  BUDAPEST"]
[Site "Budapest"]
[Date "2012.03.19"]
[Round "2.17"]
[White "Kutschker, Alexander"]
[Black "Wiman, Kenneth"]
[Result "1-0"]
[WhiteElo "1778"]
[BlackElo "1918"]
[PlyCount "95"]
[EventDate "2012.03.18"]

1. c4 Nf6 2. Nc3 e6 3. e4 c5 4. e5 Ng8 5. d3 Nc6 6. f4 Nh6 7. Nf3 Be7 8. Be3 d6
9. exd6 Bxd6 10. Qd2 b6 11. Ne4 Be7 12. Qc3 Nf5 13. Bf2 O-O 14. O-O-O Nfd4 15.
Nxd4 Nxd4 16. Bxd4 cxd4 17. Qd2 Bb7 18. Be2 b5 19. cxb5 Qb6 20. Bf3 Qxb5 21.
Kb1 Rab8 22. Rc1 Ba3 23. Ka1 Bb4 24. Qe2 Bd5 25. Nd2 Bxa2 26. Kxa2 Qa5+ 27. Kb1
Bxd2 28. Rc2 Bxf4 29. g3 Be3 30. h4 Rb6 31. Rc4 Rfb8 32. Qc2 g6 33. Rc8+ Kg7
34. Rxb8 Rxb8 35. h5 h6 36. hxg6 fxg6 37. Qc6 Qb5 38. Qc7+ Kf6 39. Qc2 Rb6 40.
Be4 a5 41. Rf1+ Kg5 42. Qh2 h5 43. Rf8 Kh6 44. g4 Qb4 45. Rh8+ Kg5 46. gxh5
gxh5 47. Rxh5+ Kf6 48. Qe5+ 1-0

[Event "29th SPRING FESTIVAL -  BUDAPEST"]
[Site "Budapest"]
[Date "2012.03.19"]
[Round "2.18"]
[White "Marcu, Simon"]
[Black "Pogats, Jozsef Jr"]
[Result "1-0"]
[WhiteElo "1910"]
[BlackElo "1781"]
[PlyCount "115"]
[EventDate "2012.03.18"]

1. d4 Nf6 2. c4 g6 3. Nc3 d5 4. e3 Bg7 5. Nf3 O-O 6. Bd2 c6 7. Rc1 b6 8. Be2
Bb7 9. O-O e6 10. b4 dxc4 11. Bxc4 Nbd7 12. e4 c5 13. bxc5 bxc5 14. d5 exd5 15.
Bxd5 Bxd5 16. exd5 Nb6 17. Be3 Nfxd5 18. Nxd5 Nxd5 19. Bxc5 Nc3 20. Qc2 Re8 21.
Be3 Qa5 22. Ra1 Rac8 23. Rfc1 Qa6 24. Re1 Ne4 25. Qd1 Bxa1 26. Qxa1 Nc3 27. a3
Ne2+ 28. Kh1 Nc3 29. Rc1 Nd5 30. Rxc8 Rxc8 31. Bh6 f6 32. h3 Qc6 33. Qd4 Qd7
34. a4 Qf7 35. h4 a5 36. Qd2 Nb4 37. Qd6 Re8 38. Qb6 Nd3 39. Qd4 Ne5 40. Nd2
Nc6 41. Qc5 Ne5 42. f3 Nd7 43. Qxa5 Qe6 44. Qb4 Qe1+ 45. Kh2 Qe5+ 46. Bf4 Qe6
47. Ne4 Ne5 48. a5 Nc6 49. Qc3 Rf8 50. a6 Ne5 51. a7 Qa6 52. Qc7 Rf7 53. Qd8+
Rf8 54. Nxf6+ Kf7 55. Qd5+ Kxf6 56. Bxe5+ Ke7 57. Bb8 Qf6 58. Qe4+ 1-0

[Event "29th SPRING FESTIVAL -  BUDAPEST"]
[Site "Budapest"]
[Date "2012.03.19"]
[Round "2.19"]
[White "Domanski, Lukasz"]
[Black "Simon, Lili"]
[Result "1-0"]
[WhiteElo "1594"]
[BlackElo "1876"]
[PlyCount "117"]
[EventDate "2012.03.18"]

1. e4 e5 2. Nf3 Nc6 3. d4 exd4 4. Nxd4 Bc5 5. Be3 Qf6 6. c3 Nge7 7. Nc2 Bxe3 8.
Nxe3 O-O 9. Nd2 Ne5 10. Be2 N5g6 11. g3 b6 12. O-O Bb7 13. f4 d5 14. e5 Qc6 15.
Bf3 Qd7 16. Nb3 c6 17. c4 Rad8 18. cxd5 Nxd5 19. Nxd5 cxd5 20. Nd4 Bc8 21. Re1
Rfe8 22. Rc1 Bb7 23. Bg4 Qe7 24. Nb5 Ba8 25. Nd6 Rf8 26. Rc3 Rxd6 27. exd6 Qxd6
28. Qd4 Ne7 29. Qe5 Qxe5 30. Rxe5 Ng6 31. Re1 f5 32. Bf3 Rd8 33. Rd3 Kf8 34.
Red1 Ne7 35. Rc1 Bc6 36. Re3 Rd6 37. Rce1 Rd7 38. Re6 Kf7 39. Kf2 g6 40. R1e3
a5 41. Ke2 Bb5+ 42. Kd2 Bc6 43. Re1 a4 44. a3 b5 45. Kc3 h5 46. Kd4 Bb7 47.
Rxe7+ Rxe7 48. Rxe7+ Kxe7 49. Bxd5 Bc8 50. Kc5 Kf6 51. Kxb5 g5 52. Kxa4 h4 53.
b4 gxf4 54. gxf4 Kg6 55. b5 h3 56. b6 Kh5 57. Bf3+ Kh4 58. Kb5 Ba6+ 59. Kc5 1-0

[Event "29th SPRING FESTIVAL -  BUDAPEST"]
[Site "Budapest"]
[Date "2012.03.19"]
[Round "2.20"]
[White "Kun, Joan"]
[Black "Czipp, Janos"]
[Result "1-0"]
[WhiteElo "1859"]
[BlackElo "1426"]
[PlyCount "67"]
[EventDate "2012.03.18"]

1. d4 Nf6 2. Nf3 e6 3. Bg5 Be7 4. c3 O-O 5. Nbd2 d5 6. e3 b6 7. Rc1 Nbd7 8. Bd3
Bb7 9. Bb1 Ne4 10. Bf4 Ndf6 11. Be5 Ng4 12. Bg3 Ngf6 13. Qc2 Rc8 14. Nxe4 dxe4
15. Nd2 Qd5 16. Be5 b5 17. Bxf6 gxf6 18. f3 f5 19. O-O c5 20. fxe4 fxe4 21.
Nxe4 Qxe4 22. Qxe4 Bxe4 23. Bxe4 Bg5 24. Rf3 cxd4 25. Rg3 f6 26. h4 dxc3 27.
Rxc3 Rxc3 28. bxc3 Rc8 29. hxg5 f5 30. Bd3 a6 31. e4 Rxc3 32. exf5 exf5 33. Rf3
f4 34. Bxh7+ 1-0

[Event "29th SPRING FESTIVAL -  BUDAPEST"]
[Site "Budapest"]
[Date "2012.03.20"]
[Round "3.1"]
[White "Keschitz, Gyorgy"]
[Black "Horvath, David"]
[Result "1/2-1/2"]
[WhiteElo "2223"]
[BlackElo "2389"]
[PlyCount "149"]
[EventDate "2012.03.18"]

1. Nf3 c5 2. g3 Nc6 3. Bg2 g6 4. d3 Bg7 5. O-O e5 6. c3 Nge7 7. a4 O-O 8. Na3
h6 9. Rb1 d5 10. b4 cxb4 11. cxb4 e4 12. dxe4 dxe4 13. Nd2 e3 14. fxe3 Nd5 15.
Bxd5 Qxd5 16. Ndc4 Qxd1 17. Rxd1 Bf5 18. Rb3 Rfd8 19. Rxd8+ Rxd8 20. Bb2 Rd1+
21. Kf2 Rh1 22. Bxg7 Kxg7 23. b5 Nd8 24. e4 Bxe4 25. h4 Rd1 26. Ke3 Bf5 27. Nd2
Ne6 28. Rc3 Ra1 29. a5 Bg4 30. Nac4 Nc7 31. Rb3 Re1 32. Nf3 Be6 33. Nxe1 Bxc4
34. Rb2 Bxb5 35. Nf3 b6 36. Nd4 Bd7 37. axb6 axb6 38. Kf2 b5 39. e4 Kf6 40. Ke3
Ke5 41. Ra2 Kd6 42. Ra7 f6 43. Rb7 g5 44. Rb6+ Ke7 45. hxg5 hxg5 46. Kd2 Ne8
47. Nxb5 Bxb5 48. Rxb5 Nd6 49. Rb4 Ke6 50. Ke3 f5 51. exf5+ Kxf5 52. g4+ Ke5
53. Ra4 Nf7 54. Ra5+ Kf6 55. Ke4 Nh6 56. Ra6+ Kg7 57. Kf3 Kh7 58. Ra1 Kg6 59.
Rh1 Ng8 60. Rd1 Nf6 61. Ra1 Nd5 62. Ra6+ Nf6 63. Ra5 Kh6 64. Rb5 Kg6 65. Ra5
Kh6 66. Ra4 Kg7 67. Ke3 Kf7 68. Kf3 Kg7 69. Rd4 Kf7 70. Ke3 Ke6 71. Ra4 Kf7 72.
Kf3 Kg7 73. Ra5 Kg6 74. Rf5 Ne8 75. Ra5 1/2-1/2

[Event "29th SPRING FESTIVAL -  BUDAPEST"]
[Site "Budapest"]
[Date "2012.03.20"]
[Round "3.2"]
[White "Juracsik, Jozsef"]
[Black "Bach, Matthias"]
[Result "0-1"]
[WhiteElo "2136"]
[BlackElo "2263"]
[PlyCount "80"]
[EventDate "2012.03.18"]

1. e4 d6 2. d4 Nd7 3. Nf3 g6 4. Bc4 e6 5. Bg5 Ne7 6. Bb3 h6 7. Be3 Bg7 8. c3 b6
9. a4 Bb7 10. Nfd2 a6 11. f4 d5 12. e5 h5 13. Nf3 c5 14. Bc2 Rc8 15. O-O Nc6
16. Nbd2 cxd4 17. Nxd4 Na5 18. Qf3 Qe7 19. Rae1 Rc7 20. Qh3 Nc4 21. Nxc4 dxc4
22. Bf2 Nc5 23. Bh4 Qd7 24. f5 gxf5 25. Nxf5 exf5 26. e6 Nxe6 27. Bxf5 Bd5 28.
Rd1 Bf8 29. Rfe1 Bc5+ 30. Kh1 Be7 31. Bxe7 Kxe7 32. Qh4+ Kf8 33. Bxe6 fxe6 34.
Qf6+ Kg8 35. Qg5+ Qg7 36. Rxd5 exd5 37. Qxd5+ Kh7 38. Re5 Qf6 39. Rxh5+ Kg7 40.
h4 Rxh5 0-1

[Event "29th SPRING FESTIVAL -  BUDAPEST"]
[Site "Budapest"]
[Date "2012.03.20"]
[Round "3.3"]
[White "Gal, Hanna Krisztina"]
[Black "Kubacsny, Laszlo"]
[Result "1/2-1/2"]
[WhiteElo "2057"]
[BlackElo "2256"]
[PlyCount "57"]
[EventDate "2012.03.18"]

1. e4 c5 2. Nf3 d6 3. c3 Nf6 4. Be2 Nbd7 5. d3 g6 6. O-O Bg7 7. Nbd2 O-O 8. d4
Qc7 9. Re1 a6 10. a4 b6 11. Bd3 e5 12. Rb1 Bb7 13. b4 cxd4 14. cxd4 exd4 15.
Bb2 Ne5 16. Bf1 Nxf3+ 17. Nxf3 Nxe4 18. Bxd4 d5 19. Bxg7 Kxg7 20. Qd4+ Kg8 21.
Rbc1 Qd8 22. Ne5 Rc8 23. Rxc8 Bxc8 24. Nc6 Qd6 25. Qxd5 Bb7 26. Qxd6 Nxd6 27.
Ne7+ Kg7 28. Rd1 Rd8 29. Be2 1/2-1/2

[Event "29th SPRING FESTIVAL -  BUDAPEST"]
[Site "Budapest"]
[Date "2012.03.20"]
[Round "3.4"]
[White "Szalanczy, Emil"]
[Black "Farkas, Richard"]
[Result "1/2-1/2"]
[WhiteElo "2237"]
[BlackElo "2121"]
[PlyCount "146"]
[EventDate "2012.03.18"]

1. e4 e6 2. d4 d5 3. Nc3 Bb4 4. e5 c5 5. a3 Bxc3+ 6. bxc3 Ne7 7. h4 Bd7 8. h5
h6 9. Qg4 Kf8 10. Bd3 Qa5 11. Bd2 c4 12. Bf1 Ba4 13. Qd1 Nbc6 14. Ne2 Qc7 15.
g3 a5 16. Bh3 b5 17. Nf4 Qd7 18. Ra2 Ke8 19. O-O Kd8 20. Qg4 Rg8 21. Ng2 Kc7
22. Ne3 Nd8 23. Qf4 Ra6 24. Rb1 Qc6 25. Rab2 Kb8 26. Kh2 Rb6 27. Qh4 Qd7 28.
Bg2 Ka7 29. Rf1 Ndc6 30. Qf4 Rbb8 31. Rfb1 Qe8 32. Bh3 Nd8 33. Rg1 Rh8 34. Qf3
Qg8 35. Rg2 Ndc6 36. Qf4 Rf8 37. g4 g5 38. Qg3 Qg7 39. f4 Kb7 40. fxg5 hxg5 41.
Rf2 Rh6 42. Rb1 Nd8 43. Rbf1 Rfh8 44. Kg1 Nec6 45. Bg2 Ne7 46. Rf6 Ka7 47. Qf2
R6h7 48. Bc1 Rh6 49. Qd2 Qh7 50. R1f2 Ng6 51. Nf1 Nf4 52. Rxh6 Qxh6 53. Ng3 Rg8
54. Ne2 Nxe2+ 55. Qxe2 Kb8 56. Be3 Qf8 57. Bc1 Qh6 58. Qd1 Kc8 59. Be3 Kd7 60.
Qd2 Ke8 61. Bf3 Nc6 62. Bd1 Nb8 63. Rf6 Qf8 64. Bxg5 Qxa3 65. h6 Nd7 66. h7 Rh8
67. Qh2 Nxf6 68. exf6 Kd7 69. Qh5 Ke8 70. Qh2 Kd7 71. Qh5 Ke8 72. Qh2 Kd7 73.
Qh5 Ke8 1/2-1/2

[Event "29th SPRING FESTIVAL -  BUDAPEST"]
[Site "Budapest"]
[Date "2012.03.20"]
[Round "3.5"]
[White "Hujbert, Florian"]
[Black "Koczo, Kristof"]
[Result "1-0"]
[WhiteElo "2429"]
[BlackElo "2219"]
[PlyCount "51"]
[EventDate "2012.03.18"]

1. d4 d5 2. c4 c6 3. Nf3 Nf6 4. Nbd2 Qa5 5. e3 g6 6. Be2 Bg7 7. O-O O-O 8. a3
c5 9. Nb3 Qc7 10. cxd5 cxd4 11. Nfxd4 Rd8 12. Nb5 Qb6 13. e4 Nxe4 14. Be3 Qf6
15. Bd4 e5 16. dxe6 Qe7 17. Qc2 Bxd4 18. N3xd4 f5 19. Qc7 Re8 20. Rac1 Na6 21.
Qe5 Nec5 22. b4 Nxe6 23. Bc4 Qg7 24. Rfe1 Qxe5 25. Rxe5 Kf7 26. Rce1 1-0

[Event "29th SPRING FESTIVAL -  BUDAPEST"]
[Site "Budapest"]
[Date "2012.03.20"]
[Round "3.6"]
[White "Lim, Kian Hwa"]
[Black "Juhasz, Armin"]
[Result "1/2-1/2"]
[WhiteElo "1839"]
[BlackElo "2192"]
[PlyCount "29"]
[EventDate "2012.03.18"]

1. e4 c5 2. Nc3 g6 3. g3 Bg7 4. Bg2 Nc6 5. d3 d6 6. Be3 e5 7. Qd2 Nge7 8. Bh6
Bxh6 9. Qxh6 Nd4 10. O-O-O Be6 11. Bh3 Qd7 12. f4 O-O-O 13. Rf1 f5 14. fxe5
dxe5 15. Nf3 1/2-1/2

[Event "29th SPRING FESTIVAL -  BUDAPEST"]
[Site "Budapest"]
[Date "2012.03.20"]
[Round "3.7"]
[White "Zentai, Peter"]
[Black "Cross, Ted"]
[Result "1/2-1/2"]
[WhiteElo "2269"]
[BlackElo "2041"]
[PlyCount "93"]
[EventDate "2012.03.18"]

1. d4 f5 2. Nf3 Nf6 3. g3 g6 4. Bg2 Bg7 5. O-O O-O 6. c4 d6 7. Nc3 c6 8. Qc2
Na6 9. a3 Qc7 10. b4 e5 11. dxe5 dxe5 12. Bb2 e4 13. Nd4 Qf7 14. Na4 Be6 15.
Rac1 Rac8 16. Rfd1 Bd7 17. Nb3 b6 18. c5 b5 19. Nc3 Nc7 20. e3 Ng4 21. Ne2 Ne5
22. Bxe5 Bxe5 23. Rd2 Nd5 24. Nbd4 g5 25. Nc3 Nxc3 26. Qxc3 Be6 27. Qc2 Bd5 28.
Qd1 Kh8 29. f4 gxf4 30. gxf4 Bxd4 31. Rxd4 Rg8 32. Qc2 Rg7 33. Rd2 Rcg8 34. Kh1
Qf6 35. Qc3 Qh4 36. Qe5 Rf8 37. Rg1 Qf6 38. Qxf6 Rxf6 39. Bf1 a6 40. Rg3 Rfg6
41. Kg2 Rd7 42. Kf2 Be6 43. Ke1 Rxd2 44. Kxd2 Kg7 45. Kc3 Kf6 46. Be2 Rh6 47.
Rg2 1/2-1/2

[Event "29th SPRING FESTIVAL -  BUDAPEST"]
[Site "Budapest"]
[Date "2012.03.20"]
[Round "3.8"]
[White "Nagy, Ervin"]
[Black "Csati, Oliver"]
[Result "1-0"]
[WhiteElo "2256"]
[BlackElo "1972"]
[PlyCount "129"]
[EventDate "2012.03.18"]

1. Nf3 c5 2. b3 d6 3. Bb2 e5 4. e4 Be6 5. Bb5+ Nc6 6. d3 g6 7. O-O Bg7 8. Nc3
h6 9. Bxc6+ bxc6 10. Ne2 Ne7 11. Nd2 O-O 12. f4 f6 13. Nf3 Qc7 14. Qe1 Bf7 15.
Rd1 Rad8 16. Bc3 Qc8 17. Qg3 Qd7 18. Ba5 Rb8 19. Bd2 Rb7 20. Rf2 g5 21. f5 Bh5
22. Be3 d5 23. Rff1 d4 24. Bc1 Kf7 25. Qh3 Bxf3 26. Rxf3 Ke8 27. Ng3 Nc8 28.
Ba3 Rb5 29. Bc1 Nd6 30. a4 Rb6 31. Ba3 Nb7 32. Nh5 Bh8 33. g4 a5 34. Qf1 Rf7
35. Rh3 Ra6 36. Qe1 Kd8 37. Kg2 Kc7 38. Qd2 Rb6 39. Rh1 Ra6 40. Rg3 Ra8 41. Kf2
Rff8 42. Ke2 Ra6 43. Kd1 Rb8 44. Kc1 Qf7 45. Kb2 Rb6 46. Ka2 Kd7 47. Rb1 Qg8
48. Rh3 Qf7 49. Qe1 Qg8 50. Ng3 Bg7 51. Nf1 Bf8 52. Nd2 Ra6 53. Rh5 Qf7 54. Nc4
Qg8 55. h4 Bg7 56. hxg5 hxg5 57. Qh1 Qf7 58. Rh7 Qe7 59. Qh5 Rg8 60. Qg6 Kc8
61. Rf1 Qf8 62. Nxe5 fxe5 63. f6 Bh8 64. Qf5+ Kb8 65. f7 1-0

[Event "29th SPRING FESTIVAL -  BUDAPEST"]
[Site "Budapest"]
[Date "2012.03.20"]
[Round "3.10"]
[White "Borda, Lajos"]
[Black "Marcu, Simon"]
[Result "1-0"]
[WhiteElo "2135"]
[BlackElo "1910"]
[PlyCount "127"]
[EventDate "2012.03.18"]

1. e4 d5 2. exd5 Qxd5 3. Nf3 Nf6 4. d4 c6 5. c4 Qd8 6. h3 Bf5 7. Nc3 e6 8. g4
Bg6 9. Bg2 Be7 10. O-O O-O 11. Bf4 Nbd7 12. Qe2 Re8 13. Rad1 Qa5 14. Ne5 Bb4
15. h4 Bxc3 16. bxc3 Qxc3 17. h5 Bc2 18. Rd2 Ba4 19. g5 Nxe5 20. gxf6 Nd7 21.
fxg7 e5 22. dxe5 Nxe5 23. Re1 Nf3+ 24. Qxf3 Rxe1+ 25. Kh2 Qxc4 26. Qg3 Rae8 27.
Be3 Bd1 28. Qg5 Qe6 29. h6 f6 30. Qf4 Qe5 31. Qxe5 fxe5 32. Rd7 Bh5 33. Rxb7 e4
34. Rxa7 Re2 35. Bh3 Bf7 36. Bd7 Rd8 37. Bxc6 Rxa2 38. Re7 Bg6 39. Bd7 Ra6 40.
Be6+ Rxe6 41. Rxe6 Re8 42. Rf6 Bf7 43. Kg3 Re6 44. Rf5 Re8 45. Bg5 Bg6 46. Rc5
Bf7 47. Kf4 Bg6 48. Ke3 Bf7 49. Rc6 Re6 50. Rc7 Re8 51. Kf4 Bg6 52. Bf6 Bf7 53.
Be7 Bg6 54. Ke5 Ra8 55. Rd7 Ra5+ 56. Kd4 Ra8 57. Bd8 Be8 58. Rd6 Bg6 59. Kc5
Rc8+ 60. Kb6 Rb8+ 61. Kc7 Ra8 62. Kb7 Ra4 63. Bb6 Be8 64. Rd8 1-0

[Event "29th SPRING FESTIVAL -  BUDAPEST"]
[Site "Budapest"]
[Date "2012.03.20"]
[Round "3.11"]
[White "Marjanovics, Gyorgy"]
[Black "Kun, Joan"]
[Result "1/2-1/2"]
[WhiteElo "2116"]
[BlackElo "1859"]
[PlyCount "54"]
[EventDate "2012.03.18"]

1. e4 c5 2. Nf3 Nc6 3. Bb5 Qc7 4. Nc3 e6 5. O-O Nge7 6. Re1 a6 7. Bf1 Ng6 8. a4
Be7 9. d4 cxd4 10. Nxd4 O-O 11. Nb3 b6 12. Be3 Bb7 13. f3 Bb4 14. Bd2 Rfd8 15.
Qe2 Bd6 16. g3 Nb4 17. Be3 Be7 18. Qf2 Bc5 19. Bxc5 bxc5 20. Nxc5 d5 21. Nxb7
Qxb7 22. exd5 exd5 23. f4 Rac8 24. Bg2 Qc7 25. Bh3 Rb8 26. Red1 d4 27. Ne2 d3
1/2-1/2

[Event "29th SPRING FESTIVAL -  BUDAPEST"]
[Site "Budapest"]
[Date "2012.03.20"]
[Round "3.12"]
[White "Kutschker, Alexander"]
[Black "Piroska, Istvan"]
[Result "0-1"]
[WhiteElo "1778"]
[BlackElo "2082"]
[PlyCount "56"]
[EventDate "2012.03.18"]

1. c4 e5 2. Nc3 Nc6 3. Nf3 Nf6 4. e4 Bc5 5. Nxe5 Nxe5 6. d4 Bb4 7. dxe5 Nxe4 8.
Qd4 Nc5 9. Qg4 O-O 10. Bh6 Ne6 11. Bd3 f5 12. Bxf5 Rxf5 13. Qxf5 gxh6 14. O-O
Qg5 15. Qe4 Bxc3 16. bxc3 Qf4 17. Qe2 b6 18. g3 Qf5 19. f4 Bb7 20. Rae1 Kh8 21.
Rd1 Rg8 22. Kf2 Nxf4 23. gxf4 Rg2+ 24. Ke1 Rxe2+ 25. Kxe2 Ba6 26. Ke3 Bxc4 27.
Rg1 Qc2 28. Kd4 Qe2 0-1

[Event "29th SPRING FESTIVAL -  BUDAPEST"]
[Site "Budapest"]
[Date "2012.03.20"]
[Round "3.15"]
[White "Varga, Attila"]
[Black "Horvath, Jeno Kalman"]
[Result "1/2-1/2"]
[WhiteElo "1758"]
[BlackElo "2029"]
[PlyCount "50"]
[EventDate "2012.03.18"]

1. d4 Nf6 2. Nf3 g6 3. b3 Bg7 4. Bb2 O-O 5. e3 d6 6. Be2 Nbd7 7. O-O Ne4 8. c4
c5 9. Qc2 Nef6 10. Nc3 a6 11. Rfe1 Qc7 12. d5 Ne5 13. Nd2 Ne8 14. h4 f5 15. Nf3
Nf7 16. Rad1 Nf6 17. Bf1 e5 18. dxe6 Bxe6 19. Rd2 Rad8 20. Red1 Rd7 21. Ne2 Ne4
22. Rd3 Ne5 23. Nxe5 dxe5 24. Rxd7 Bxd7 25. f3 Nf6 1/2-1/2

[Event "29th SPRING FESTIVAL -  BUDAPEST"]
[Site "Budapest"]
[Date "2012.03.20"]
[Round "3.16"]
[White "Opl, Klaus"]
[Black "Schatzer, Andras"]
[Result "1-0"]
[WhiteElo "2010"]
[BlackElo "1782"]
[PlyCount "51"]
[EventDate "2012.03.18"]

1. e4 c5 2. d4 cxd4 3. c3 dxc3 4. Nxc3 Nc6 5. Nf3 e6 6. Bc4 a6 7. O-O Nge7 8.
Bg5 f6 9. Be3 b5 10. Bb3 Ng6 11. Nd4 Bb7 12. Qe2 Be7 13. Rad1 Nxd4 14. Bxd4 O-O
15. f4 f5 16. Qh5 Qc7 17. exf5 Qc6 18. Rf2 Nh4 19. f6 Nxg2 20. Bc2 h6 21. Be4
d5 22. Bxg2 Bxf6 23. Bxf6 Rxf6 24. Nxd5 exd5 25. Bxd5+ Qxd5 26. Rxd5 1-0

[Event "29th SPRING FESTIVAL -  BUDAPEST"]
[Site "Budapest"]
[Date "2012.03.20"]
[Round "3.17"]
[White "Letay, Gyula"]
[Black "Allahverdi, Maryam"]
[Result "1/2-1/2"]
[WhiteElo "1967"]
[BlackElo "1807"]
[PlyCount "66"]
[EventDate "2012.03.18"]

1. e4 e5 2. Nf3 Nc6 3. Bc4 Be7 4. d4 exd4 5. Nxd4 Nf6 6. Nf5 Bf8 7. O-O d6 8.
Ng3 Be7 9. Nc3 O-O 10. h3 Be6 11. Nd5 Ne5 12. Nxe7+ Qxe7 13. Be2 d5 14. f4 Qc5+
15. Kh1 Nc4 16. Bxc4 Qxc4 17. f5 Bd7 18. e5 Ne4 19. Bf4 Nxg3+ 20. Bxg3 Qe4 21.
Qd3 Qxd3 22. cxd3 c5 23. Rae1 Rfe8 24. Rf4 a5 25. Bf2 d4 26. Kg1 Re7 27. Bh4
Ree8 28. g4 h6 29. Rf2 a4 30. a3 Ra6 31. Bg3 Rb6 32. Rfe2 g6 33. Rf2 Bb5
1/2-1/2

[Event "29th SPRING FESTIVAL -  BUDAPEST"]
[Site "Budapest"]
[Date "2012.03.20"]
[Round "3.18"]
[White "Wiman, Kenneth"]
[Black "Mihaly, Zoltan"]
[Result "1/2-1/2"]
[WhiteElo "1918"]
[BlackElo "1803"]
[PlyCount "104"]
[EventDate "2012.03.18"]

1. d4 d5 2. c4 c6 3. Nf3 g6 4. Nc3 Bg7 5. cxd5 cxd5 6. Bf4 Nf6 7. e3 Nh5 8. Be5
O-O 9. Bxg7 Nxg7 10. Bd3 b6 11. O-O Bg4 12. h3 Bf5 13. Rc1 Bxd3 14. Qxd3 e6 15.
Nb5 Nd7 16. Rc2 Nf5 17. Rfc1 Ne7 18. a3 Nf6 19. Ne5 Ne8 20. Nc7 Rc8 21. Nxe8
Rxc2 22. Qxc2 Rxe8 23. Qa4 Nc8 24. Qa6 f6 25. Nd3 Qd7 26. Nb4 Nd6 27. b3 Kf7
28. a4 Rc8 29. Rxc8 Nxc8 30. Qd3 Nd6 31. Na2 Qc7 32. Nc3 Ke7 33. h4 Kf7 34. h5
Nf5 35. hxg6+ hxg6 36. Nb5 Qc1+ 37. Kh2 a6 38. Nc3 Qe1 39. e4 dxe4 40. Nxe4 Qb4
41. d5 Qd4 42. Nd6+ Kf8 43. Qxd4 Nxd4 44. dxe6 Nxe6 45. Nc4 b5 46. axb5 axb5
47. Nd2 Nd4 48. Kg3 g5 49. f3 Ke7 50. Kf2 Kd6 51. Ke3 Kd5 52. Kd3 f5 1/2-1/2

[Event "29th SPRING FESTIVAL -  BUDAPEST"]
[Site "Budapest"]
[Date "2012.03.20"]
[Round "3.19"]
[White "Simon, Lili"]
[Black "Pogats, Jozsef Jr"]
[Result "1/2-1/2"]
[WhiteElo "1876"]
[BlackElo "1781"]
[PlyCount "84"]
[EventDate "2012.03.18"]

1. c4 Nf6 2. g3 g6 3. Bg2 Bg7 4. Nc3 O-O 5. e4 d6 6. Nge2 Nbd7 7. O-O c6 8. d4
e5 9. d5 cxd5 10. Nxd5 Nxd5 11. Qxd5 Nb6 12. Qd3 Be6 13. b3 Qe7 14. Ba3 Rfd8
15. Rfd1 Bf8 16. Nc3 a6 17. Qe3 Nc8 18. Nd5 Bxd5 19. Rxd5 Qc7 20. c5 dxc5 21.
Rxd8 Qxd8 22. Bxc5 Bg7 23. Bh3 Ne7 24. Bb6 Qe8 25. Rd1 Nc6 26. Bd7 Qe7 27. Bxc6
bxc6 28. Qc3 Qb7 29. Ba5 Rc8 30. Qd3 c5 31. Qd5 Qb5 32. Qd7 Qxd7 33. Rxd7 c4
34. bxc4 Rxc4 35. f3 h6 36. a3 Bf8 37. Rd3 Ra4 38. Bc7 f6 39. Bd6 Bxd6 40. Rxd6
Kf7 41. Rd3 f5 42. Re3 Kf6 1/2-1/2

[Event "29th SPRING FESTIVAL -  BUDAPEST"]
[Site "Budapest"]
[Date "2012.03.20"]
[Round "3.20"]
[White "Polyanszky-Tamasi, Zoltan"]
[Black "Czipp, Janos"]
[Result "1-0"]
[WhiteElo "1811"]
[BlackElo "1426"]
[PlyCount "132"]
[EventDate "2012.03.18"]

1. Nf3 Nf6 2. c4 c5 3. Nc3 Nc6 4. d4 cxd4 5. Nxd4 g6 6. e4 d6 7. Be2 Bg7 8.
Nxc6 bxc6 9. O-O O-O 10. Rb1 Qc7 11. Be3 e5 12. Qc1 Rd8 13. Rd1 Be6 14. b3 Qe7
15. Bg5 Qf8 16. Rd3 h6 17. Be3 d5 18. cxd5 cxd5 19. Bd2 d4 20. Nd1 Nxe4 21. Ba5
Rdc8 22. Qb2 Nc5 23. Rg3 e4 24. Bb5 Be5 25. b4 Bxg3 26. hxg3 Nd7 27. Qxd4 Nb6
28. Ba6 Rd8 29. Qf6 Rd6 30. Qh4 Bd5 31. Nc3 Re8 32. Rd1 Red8 33. Nxd5 Rxd5 34.
Rxd5 Rxd5 35. Qxe4 Rd6 36. b5 Nd5 37. Bb7 Nf6 38. Qf3 Re6 39. Bc3 Qd8 40. a4 h5
41. Kh2 Ng4+ 42. Kh3 Rd6 43. Qe2 Qd7 44. Kh4 g5+ 45. Kxh5 Rh6+ 46. Kxg5 Rg6+
47. Kh4 Qd8+ 48. Kh3 Qd7 49. Kh4 Rh6+ 50. Kg5 f6+ 51. Kf4 Qc7+ 52. Kxg4 Rg6+
53. Kf3 Qxb7+ 54. Qe4 Qxe4+ 55. Kxe4 Kf7 56. Kd5 f5 57. Bd4 Ke7 58. Bxa7 Kd7
59. Bc5 Rg4 60. a5 f4 61. gxf4 Rxf4 62. a6 Rf5+ 63. Kc4 Kc8 64. b6 Rf4+ 65. Kb5
Rf5 66. Kc6 Kb8 1-0